| 000 | 00414nam a22001577a 4500 | ||
|---|---|---|---|
| 003 | NUST - PNEC | ||
| 005 | 20170116181053.0 | ||
| 008 | 150930b xxu||||| |||| 00| 0 eng d | ||
| 040 | _cLIBRARY | ||
| 082 | _a658.45 GAN | ||
| 100 |
_911973 _aGanguly, Anand |
||
| 245 |
_aThe art of business communication _cGanguly, Anand |
||
| 260 | _c- | ||
| 650 |
_911972 _aManagement information system _xMIS |
||
| 942 |
_2ddc _cBK |
||
| 999 |
_c68472 _d68472 |
||